BUBT Library Online Catalog

সংশপ্তক / (Record no. 6154)

000 -LEADER
fixed length control field 00623nam a22001817a 4500
003 - CONTROL NUMBER IDENTIFIER
control field BUBTL
008 - FIXED-LENGTH DATA ELEMENTS--GENERAL INFORMATION
fixed length control field 191113b xxu||||| |||| 00| 0 eng d
020 ## - INTERNATIONAL STANDARD BOOK NUMBER
International Standard Book Number 978-984-598-012-8
082 ## - DEWEY DECIMAL CLASSIFICATION NUMBER
Classification number 891.443/ K1231s/ 2010
100 ## - MAIN ENTRY--PERSONAL NAME
9 (RLIN) 2458
Personal name কায়সার, শহীদুল্লা
245 ## - TITLE STATEMENT
Title সংশপ্তক /
Statement of responsibility, etc. কায়সার, শহীদুল্লা
260 ## - PUBLICATION, DISTRIBUTION, ETC. (IMPRINT)
Place of publication, distribution, etc. ঢাকা :
Name of publisher, distributor, etc. চারুলিপি,
Date of publication, distribution, etc. c1965.
300 ## - PHYSICAL DESCRIPTION
Extent 399 p. :
Dimensions 22 cm.
650 #0 - SUBJECT ADDED ENTRY--TOPICAL TERM
9 (RLIN) 1687
Topical term or geographic name as entry element বাংলা সাহিত্য
856 ## - ELECTRONIC LOCATION AND ACCESS
Password 0
Logon 0
Link text Download
942 ## - ADDED ENTRY ELEMENTS (KOHA)
Source of classification or shelving scheme
Koha item type Books
Holdings
Withdrawn status Lost status Source of classification or shelving scheme Damaged status Not for loan Collection code Permanent location Current location Shelving location Date acquired Inventory number Total Checkouts Total Renewals Full call number Barcode Checked out Date last seen Date last checked out Copy number Price effective from Koha item type Source of acquisition
          Fiction Bangladesh University of Business and Technology Library Bangladesh University of Business and Technology Library Fiction 10/24/2016 22699 4 2 891.443 / KAS BUBTL-200322699 07/11/2024 07/04/2024 07/04/2024 C-1 11/13/2019 Books  
          Fiction Bangladesh University of Business and Technology Library Bangladesh University of Business and Technology Library Fiction 10/24/2016 22700     891.443/ K1231s/ 2010 BUBTL-200322700   01/25/2023   C-2 01/25/2023 Books Purchase

More Information About Library

Library Hours

  • Open: 9.00 am. to 9.00 pm.
  • Only Sunday: 9.00 am. to 6.00 pm.
  • Closed: Holiday

Contact to the University

Bangladesh University of Business and Technology Library

  • Mirpurl-2, 1216.
  • Phone:
  • Fax:
  • E-Mail: admin.library@bubt.edu.bd

Contact to the Library

Contact Person:

Md. Abdul Hakim Shah
Joint Librarian
PABX No:  113
Cell No: 01816332931
E-mail: official: admin.library@bubt.edu.bd
Personal: hakim.shah@bubt.edu.bd


BUBT Library

Copyright © 2021